01568cam a22003617a 4500003000500000005001700005008004100022010001000063011001000073020001500083035001000098040000900108082002800117110008600145245014100231260010200372300002900474500005800503590004100561590004100602590004100643590004100684590004200725650004300767650005000810650003400860901000700894905002400901942001000925949009400935999001701029952016001046CHAP20220329142355.0001013d1999 mx rs o00110 spa d a82560 a83532 a9701327306 a94045 cCHAP a312.0972bI59 Gro. 19972 aInstituto Nacional de Estadística, Geografía e Informática. México959304 0aEncuesta nacional de la dinámica demográfica 1997b: Guerrerocpor Instituto Nacional de Estadística, Geografía e Informática. aAguascalientes, Ags :bInstituto Nacional de Estadística, Geografía e Informática,cc.1999- av. :bgráfs., cuadros. aLa biblioteca tiene : v.1 Panorama sociodemográfico aBATCH-UPDb10c20130110lUCH01h0015 aBATCH-UPDb10c20130110lUCH01h2321 aBATCH-UPDb10c20130410lUCH01h1612 aBATCH-UPDb10c20130914lUCH01h1555 aCONVERSIONb10c20130109lUCH01h134614aGuerreroxCondiciones sociales.95118114aPoblaciónxEstadísticaszGuerrero.98938114aPoblaciónzGuerrero.989423 aBK aPatricia Mendoza P. cLIBRO a312.0972 I59 Gro. 1997bBCcINEGId33724000805438eINEGIfv.1h98736i94045kDonaciØnsb c82560d82560 00102ddc4051708INEGIaBCbBCcPB_INEGId2019-12-31fLIBROi127l0o312.0972 I59 Gro. 1997p33724000805438r2019-12-31 00:00:00tv.1w2019-12-31yLIBRO